Friends Trivia - Statistics

General Stats
  • This quiz has been taken 96 times
  • The average score is 8 of 13
Answer Stats
Hint Answer % Correct
True or false? Phoebe takes off her coat when she marries 'QUESTION 2'? True
94%
Who ends up getting married to Phoebe? Mike
90%
What does Ross think the total awareness is called but is actually a type of sushi? Unagi
88%
What does Rachel add to the trifle which makes it weird? Beef
84%
What is Ross and Monica's dad's name? Jack
76%
Finish the sentence: "Hello Mrs Ross! Well, hello ____ ____! Mr Rachel
64%
What country do the friends visit in season 9 and 10? Barbados
63%
What is the name of the game which Joey and Chandler play and Joey won, apparently beginner's luck? (HINT, IT'S A KITCHEN ITEM? Cups
53%
Who does Monica pretend to be when she gets to wear a wedding dress? Emily
43%
Who gets freaked out by the fact that Rachel wants to marry them? Joshua
43%
Who is the Australian girl that Joey dates? Janine
31%
Who does Ross date while Chandler can't make fun of anyone? (FULL NAME) Elizabeth Hornswoggle
17%
What does Joey build which is a 'one day project'? Entertainment Center
17%
No matching quizzes found
Score Distribution
Percent of People with Each Score
Percentile by Number Answered
Your Score History
You have not taken this quiz